UBT Library

Modern drama : (Record no. 39329)

000 -LEADER
fixed length control field 00680cam a2200229 a 4500
001 - CONTROL NUMBER
control field 637973
005 - DATE AND TIME OF LATEST TRANSACTION
control field 20171222070036.0
008 - FIXED-LENGTH DATA ELEMENTS--GENERAL INFORMATION
fixed length control field 940811s1995 txua b 000 0 eng
010 ## - LIBRARY OF CONGRESS CONTROL NUMBER
LC control number 93080878
020 ## - INTERNATIONAL STANDARD BOOK NUMBER
International Standard Book Number 015501191X
040 ## - CATALOGING SOURCE
Original cataloging agency DLC
Transcribing agency DLC
Modifying agency DLC
041 ## - LANGUAGE CODE
Language code of text/sound track or separate title eng
080 ## - UNIVERSAL DECIMAL CLASSIFICATION NUMBER
Universal Decimal Classification number 808.82 WOR
082 00 - DEWEY DECIMAL CLASSIFICATION NUMBER
Classification number 808.82 WOR
Edition number 20
100 ## - Rafti
Rafti 22
101 ## - Shkurtesa
Shkurtesa GJU
245 00 - TITLE STATEMENT
Title Modern drama :
Statement of responsibility, etc W.B. Worthen.
504 ## - BIBLIOGRAPHY, ETC. NOTE
Bibliography, etc Includes bibliographical references (p. 1192-1199).
906 ## - LOCAL DATA ELEMENT F, LDF (RLIN)
a 7
b cbc
c orignew
d 2
e opcn
f 19
g y-gencatlg
942 ## - ADDED ENTRY ELEMENTS (KOHA)
Source of classification or shelving scheme
Item type Books
Holdings
Withdrawn status Lost status Source of classification or shelving scheme Damaged status Not for loan Permanent location Current location Date acquired Total Checkouts Full call number Barcode Date last seen Price effective from Koha item type
          UBT - Lipjan UBT - Lipjan 12/22/2017   808.82 WOR 002-29836 12/22/2017 12/22/2017 Books
UBT Library © 2015-2024. All rights reserved University Education for Business and Technology